Statistiche per Città del Veneto

Clicka qui per fare il quiz!

Statistiche generali

  • Questo quiz è stato fatto 57 volte
  • Il punteggio medio è 21 su 41

Statistiche sulle risposte

MigliaiaComuneProvincia% Corretto
259Venezia-
100%
212Padova-
98%
51Rovigo-
98%
85Treviso-
98%
259Verona-
98%
111Vicenza-
98%
35Belluno-
93%
48ChioggiaVenezia
79%
43Bassano del GrappaVicenza
67%
27Vittorio VenetoTreviso
67%
35ConeglianoTreviso
64%
33Castelfranco VenetoTreviso
60%
38MiraVenezia
60%
38SchioVicenza
60%
24ThieneVicenza
60%
20FeltreBelluno
57%
25LegnagoVerona
55%
41San Donà di PiaveVenezia
55%
19AdriaRovigo
52%
31MontebellunaTreviso
52%
26JesoloVenezia
50%
20OderzoTreviso
50%
24PortogruaroVenezia
45%
20CittadellaPadova
43%
27MiranoVenezia
43%
20Abano TermePadova
40%
25ArzignanoVicenza
40%
22PaeseTreviso
40%
27Mogliano VenetoTreviso
38%
33Villafranca di VeronaVerona
36%
20Piove di SaccoPadova
31%
28SpineaVenezia
31%
26AlbignasegoPadova
24%
23VigonzaPadova
24%
21San BonifacioVerona
21%
25San Giovanni LupatotoVerona
21%
20BussolengoVerona
19%
23Montecchio MaggioreVicenza
19%
21MartellagoVenezia
17%
26ValdagnoVicenza
14%
23Selvazzano DentroPadova
2%

Distribuzione punteggi

Percentile per numero di risposta

Percentuale di utenti per punteggio

I tuoi punteggi nel tempo

Non hai fatto questo quiz